Normal view
MARC view
Entry Término temático
001 - NÚMERO DE CONTROL
- campo de control: 10153
003 - IDENTIFICADOR DEL NÚMERO DE CONTROL
- campo de control: FranzMayer
005 - FECHA Y HORA DE LA ÚLTIMA TRANSACCIÓN
- campo de control: 20190320204453.0
008 - DATOS DE LONGITUD FIJA
- campo de control de longitud fija: 190320|| aca||aabn | a|a d
040 ## - FUENTE DE LA CATALOGACIÓN
- Centro catalogador/agencia de origen: FranzMayer
- Centro/agencia transcriptor: FranzMayer
150 ## - ENCABEZAMIENTO--TÉRMINO DE MATERIA
- Término de materia o nombre geográfico como elemento de entrada: Historia
- Subdivisión cronológica: 1821-1861
670 ## - FUENTE DE DATOS ENCONTRADOS
- Cita de la fuente: Work cat.: (FranzMayer): Wilson, Robert Anderson 1812-1872. 7997, Mexico and its religion; with incidents of travel in that country during parts or the years 1851-52-53-54, and historical noticies of events connected with places visited, 1856